Effective sales management : how to build a winning sales team

Bibliographic Details
Main Author: Johnson, Tom
Format: Book
Published: California : Crisp Publications , 1990
Subjects:

MARC

LEADER 00000cam a2200000 7i4500
001 0000001279
002 000001410
005 20000330.0
020 |a 1560520310 
090 0 0 |a 658.81   |b JOH 
100 1 |a Johnson, Tom 
245 1 0 |a Effective sales management :   |b how to build a winning sales team   |c Tom Johnson 
260 |a California :   |b Crisp Publications ,   |c 1990 
300 |a 83p. ;   |c 25cm. 
650 0 0 |a Sales management 
999 |a 032667   |b BUKU   |c PINJAMAN   |e PERPUSTAKAAN KOMUNITI PETALING JAYA